[Event "Frankfurt Ch 2010"]
[Site "Ffm-Kalbach, LAZ"]
[Date "2010.06.07"]
[Round "6.1"]
[White "Isserman, Ryhor"]
[Black "Reschke, Stefan"]
[Result "1/2-1/2"]
[WhiteElo "2296"]
[BlackElo "2370"]
[PlyCount "40"]
[EventDate "2010.??.??"]
[SourceDate "2009.03.13"]
[WhiteTeam "SK Bad Homburg 1927"]
[BlackTeam "VSG 1880 Offenbach"]

1. e4 c5 2. Nc3 Nc6 3. Bb5 Nd4 4. Bc4 e6 5. Nge2 Ne7 6. Nxd4 cxd4 7. Ne2 Nc6 8.
d3 b5 9. Bb3 Bb4+ 10. c3 Bc5 11. O-O O-O 12. Kh1 d5 13. exd5 exd5 14. Nf4 Be6
15. Qh5 Ne7 16. Bd2 Qd6 17. Rae1 Rad8 18. Qe5 dxc3 19. Bxc3 Qxe5 20. Rxe5 b4
1/2-1/2

[Event "Frankfurt Ch 2010"]
[Site "Ffm-Kalbach, LAZ"]
[Date "2010.06.07"]
[Round "6.2"]
[White "Rapoport, Vladimir"]
[Black "Zuyev, Igor"]
[Result "1-0"]
[WhiteElo "2303"]
[BlackElo "2329"]
[PlyCount "59"]
[EventDate "2010.??.??"]
[SourceDate "2009.03.13"]
[WhiteTeam "SC Heusenstamm"]
[BlackTeam "SC Ladja Roßdorf"]

1. Nf3 c5 2. g3 g6 3. Bg2 Bg7 4. d3 Nc6 5. e4 e5 6. Nc3 Nge7 7. Bg5 Qb6 8. Qc1
f6 9. Bd2 d6 10. a3 Be6 11. Rb1 g5 12. b4 cxb4 13. axb4 g4 14. Nh4 Nd4 15. Nd5
Qc6 16. Nxe7 Kxe7 17. c4 Kd7 18. Be3 Qb6 19. Nf5 Bxf5 20. exf5 h5 21. c5 Qb5
22. Bxd4 exd4 23. O-O Rab8 24. Qa3 a6 25. Qb3 Rhe8 26. Rfe1 Bf8 27. Qf7+ Be7
28. cxd6 Kxd6 29. Rbc1 Kd7 30. Rc5 1-0

[Event "Frankfurt Ch 2010"]
[Site "Ffm-Kalbach, LAZ"]
[Date "2010.06.07"]
[Round "6.3"]
[White "Röschlau, Bernd"]
[Black "Wahedi, Ahmad Siar"]
[Result "1-0"]
[WhiteElo "2226"]
[BlackElo "2298"]
[PlyCount "81"]
[EventDate "2010.??.??"]
[SourceDate "2009.03.13"]
[WhiteTeam "SC Brett vor'm Kopp Ffm"]
[BlackTeam "SC Steinbach"]

1. e4 c5 2. Nf3 d6 3. d4 cxd4 4. Nxd4 Nf6 5. Nc3 g6 6. Be3 Bg7 7. Bc4 O-O 8. f3
Nc6 9. Qd2 Bd7 10. h4 Ne5 11. Bb3 Rc8 12. h5 Nc4 13. Bxc4 Rxc4 14. O-O-O b5 15.
hxg6 fxg6 16. e5 dxe5 17. Ne6 Qc8 18. Nxf8 Bxf8 19. Kb1 Be6 20. Qd8 Qa6 21. Bh6
Rc8 22. Bxf8 Rxd8 23. Rxd8 Kf7 24. Bh6 Bc4 25. b3 Qa5 26. Rf8+ Ke6 27. Bd2 Bd5
28. Ne4 Qb6 29. Ng5+ Kd7 30. Nxh7 Nh5 31. Rd1 Qd4 32. Rb8 Nf4 33. Nf8+ Kc6 34.
Rc8+ Kb7 35. Rc3 e4 36. Rc7+ Ka6 37. Nd7 b4 38. Nb8+ Kb5 39. a4+ bxa3 40. c4+
Bxc4 41. Rb7+ 1-0

[Event "Frankfurt Ch 2010"]
[Site "Ffm-Kalbach, LAZ"]
[Date "2010.06.07"]
[Round "6.4"]
[White "Kabir, Rezaul"]
[Black "Solonar, Stefan"]
[Result "0-1"]
[WhiteElo "2083"]
[BlackElo "2338"]
[PlyCount "118"]
[EventDate "2010.??.??"]
[SourceDate "2009.03.13"]
[WhiteTeam "Sfr. Frankfurt 1921"]
[BlackTeam "SC Heusenstamm"]

1. e4 c5 2. Nf3 Nc6 3. d4 cxd4 4. Nxd4 e5 5. Nxc6 bxc6 6. c4 Nf6 7. Nc3 Bc5 8.
Bd3 d6 9. Bg5 h6 10. Bh4 Rb8 11. Qe2 O-O 12. O-O g5 13. Bg3 Bg4 14. Qc2 Nh5 15.
a3 Nf4 16. b4 Bd4 17. Kh1 a5 18. f3 Be6 19. Rab1 Qb6 20. Rfd1 axb4 21. axb4
Nxd3 22. Qxd3 Qa6 23. b5 Qa3 24. Be1 Qc5 25. Na4 Qxc4 26. Qxc4 Bxc4 27. bxc6
Rxb1 28. Rxb1 Rc8 29. Nb6 Rxc6 30. Nxc4 Rxc4 31. h4 Kg7 32. hxg5 hxg5 33. Kh2
Kf6 34. Kg3 Rc2 35. Rd1 d5 36. exd5 Rc5 37. Kg4 Rxd5 38. Bd2 Be3 39. Bxe3 Rxd1
40. Bxg5+ Kg6 41. Be7 Rd2 42. Kg3 Kf5 43. Bh4 Rc2 44. Be7 Ke6 45. Bd8 f5 46.
Kh3 e4 47. fxe4 fxe4 48. Bb6 e3 49. Kg3 e2 50. Kf2 Kf5 51. Ba5 Ke4 52. Bb4 Kd3
53. Ba5 Rc5 54. Bb4 Rf5+ 55. Kg3 Ke3 56. Kh3 Rb5 57. Bc3 Rb3 58. Be1 Rb1 59.
Ba5 e1=Q 0-1

[Event "Frankfurt Ch 2010"]
[Site "Ffm-Kalbach, LAZ"]
[Date "2010.06.07"]
[Round "6.5"]
[White "Koch, Markus"]
[Black "Wege, Jochen"]
[Result "0-1"]
[WhiteElo "2045"]
[BlackElo "2277"]
[PlyCount "112"]
[EventDate "2010.??.??"]
[SourceDate "2009.03.13"]
[WhiteTeam "SC Brett vor'm Kopp Ffm"]
[BlackTeam "SC Brett vor'm Kopp Ffm"]

1. d4 e6 2. c4 Nf6 3. Nc3 Bb4 4. Nf3 b6 5. g3 Bb7 6. Bg2 O-O 7. O-O Bxc3 8.
bxc3 d6 9. a4 a5 10. Nd2 Bxg2 11. Kxg2 e5 12. e4 Re8 13. Qf3 Nc6 14. d5 Ne7 15.
c5 dxc5 16. Nc4 Nc8 17. Bg5 Nd6 18. Bxf6 gxf6 19. Ne3 Kh8 20. h4 Rg8 21. Rh1
Rg7 22. h5 Qe7 23. c4 Rag8 24. Rh3 Rg5 25. Rah1 f5 26. exf5 f6 27. h6 Qd7 28.
Rh5 Qxa4 29. Rxg5 Rxg5 30. Rh4 Qd7 31. Rg4 Rxg4 32. Qxg4 a4 33. Qd1 Kg8 34. g4
Kf8 35. Qc2 Nf7 36. f3 Nxh6 37. Nd1 Nf7 38. Nc3 a3 39. Nb5 c6 40. dxc6 Qxc6 41.
Nxa3 Nd6 42. Kg3 Kg7 43. Qd1 h5 44. Nb5 Nxc4 45. Qd8 Qxb5 46. Qe7+ Kg8 47. g5
h4+ 48. Kxh4 fxg5+ 49. Kxg5 Nd6 50. Qe6+ Kh7 51. f6 Qc4 52. Qxd6 Qf4+ 53. Kh5
Qxf3+ 54. Kg5 Qf4+ 55. Kh5 Qf5+ 56. Kh4 Kg6 0-1

[Event "Frankfurt Ch 2010"]
[Site "Ffm-Kalbach, LAZ"]
[Date "2010.06.07"]
[Round "6.6"]
[White "Orlinski, Wolfgang"]
[Black "Chandler, Patrick"]
[Result "0-1"]
[WhiteElo "1967"]
[BlackElo "2265"]
[PlyCount "92"]
[EventDate "2010.??.??"]
[SourceDate "2009.03.13"]
[WhiteTeam "Sfr. Frankfurt 1921"]
[BlackTeam "VSG 1880 Offenbach"]

1. d4 Nf6 2. Bf4 d6 3. e3 g6 4. Nf3 c6 5. c3 Qb6 6. Qc1 Bg7 7. Nbd2 O-O 8. h3
Nbd7 9. Be2 Qc7 10. O-O e5 11. Bh2 Ne8 12. Qc2 Qd8 13. Rad1 Qe7 14. e4 f5 15.
Rfe1 fxe4 16. Nxe4 d5 17. Ng3 e4 18. Nxe4 dxe4 19. Bc4+ Kh8 20. Rxe4 Qd8 21.
Ne5 Ndf6 22. Rh4 Nh5 23. Bg3 Bf5 24. Qe2 Nxg3 25. fxg3 Nd6 26. Bb3 Qg5 27. Kh2
Rae8 28. Rf1 Bxe5 29. dxe5 Nf7 30. e6 Nd8 31. Rhf4 Nxe6 32. Bxe6 Rxe6 33. Qxe6
Bxe6 34. Rxf8+ Kg7 35. a3 h5 36. R8f4 Qe5 37. h4 c5 38. R1f2 Bf5 39. Kg1 Qe1+
40. Kh2 Qc1 41. R4f3 b6 42. Rf4 Kf6 43. g4 hxg4 44. Rxg4 Ke5 45. Rg5 Qe1 46.
Kg3 Ke4 0-1

[Event "Frankfurt Ch 2010"]
[Site "Ffm-Kalbach, LAZ"]
[Date "2010.06.07"]
[Round "6.7"]
[White "Uwira, Oliver"]
[Black "Heidel, Andre Nicolas"]
[Result "1/2-1/2"]
[WhiteElo "2230"]
[BlackElo "2152"]
[PlyCount "88"]
[EventDate "2010.??.??"]
[SourceDate "2009.03.13"]
[WhiteTeam "SC 1961 König Nied"]
[BlackTeam "Ratinger SK 1950"]

1. d4 d5 2. c4 c6 3. Nf3 Nf6 4. e3 Bf5 5. Qb3 Qb6 6. Nc3 dxc4 7. Bxc4 e6 8. Ne5
Nbd7 9. Nxd7 Nxd7 10. e4 Qxb3 11. Bxb3 Bg6 12. Be3 Bb4 13. f3 Ke7 14. O-O Rhd8
15. Rac1 Rac8 16. a3 Ba5 17. Rfd1 f6 18. d5 exd5 19. Bxa7 dxe4 20. Nxe4 Bxe4
21. fxe4 b6 22. Ba4 b5 23. Bb3 c5 24. Bd5 Rc7 25. Bxc5+ Rxc5 26. Rxc5 Nxc5 27.
b4 Bb6 28. bxc5 Bxc5+ 29. Kf1 Bxa3 30. Bb3 Rxd1+ 31. Bxd1 Kd6 32. Ke2 Kc5 33.
Kd3 Bb2 34. Bb3 Kb4 35. Bf7 Be5 36. h3 Kc5 37. Bg8 h5 38. Bf7 Bf4 39. Kc2 Kd4
40. Bxh5 Kxe4 41. Kb3 Bd6 42. Bf3+ Kf4 43. Ba8 Kg3 44. Bb7 g5 1/2-1/2

[Event "Frankfurt Ch 2010"]
[Site "Ffm-Kalbach, LAZ"]
[Date "2010.06.07"]
[Round "6.8"]
[White "Prudlo, Simon"]
[Black "Kreiling, Carsten"]
[Result "0-1"]
[WhiteElo "2251"]
[BlackElo "2126"]
[PlyCount "68"]
[EventDate "2010.??.??"]
[SourceDate "2009.03.13"]
[WhiteTeam "SC Heusenstamm"]
[BlackTeam "SVG Eppstein 1932"]

1. e4 c5 2. Nc3 Nc6 3. Nge2 g6 4. d4 cxd4 5. Nxd4 d6 6. g3 Nf6 7. Bg2 Bg7 8.
Nxc6 bxc6 9. e5 dxe5 10. Qxd8+ Kxd8 11. Bxc6 Rb8 12. Be3 Bb7 13. O-O-O+ Kc8 14.
Bxb7+ Rxb7 15. f3 h5 16. Ne4 Nxe4 17. fxe4 f5 18. c4 f4 19. Bf2 Rf8 20. Kc2 Bh6
21. Rd5 fxg3 22. Bxg3 Bf4 23. Rhd1 g5 24. b3 e6 25. Rc5+ Rc7 26. Rxc7+ Kxc7 27.
Rf1 Rd8 28. Bxf4 gxf4 29. Kc3 Rg8 30. Rf2 h4 31. Rf3 Rg3 32. Rd3 f3 33. hxg3 f2
34. gxh4 f1=Q 0-1

[Event "Frankfurt Ch 2010"]
[Site "Ffm-Kalbach, LAZ"]
[Date "2010.06.07"]
[Round "6.9"]
[White "Donchenko, Irina"]
[Black "Poetsch, Hagen"]
[Result "0-1"]
[WhiteElo "2058"]
[BlackElo "2366"]
[PlyCount "92"]
[EventDate "2010.??.??"]
[SourceDate "2009.03.13"]
[WhiteTeam "SK 1858 Gießen"]
[BlackTeam "VSG 1880 Offenbach"]

1. d4 d5 2. Nf3 Bg4 3. Ne5 Bf5 4. c4 f6 5. Qa4+ c6 6. Nf3 e6 7. Nc3 Bd6 8. cxd5
exd5 9. e3 Ne7 10. Nh4 Bg4 11. Bd3 Nd7 12. Qc2 Nf8 13. Nf5 Bxf5 14. Bxf5 Nxf5
15. Qxf5 g6 16. Qf3 f5 17. g4 Qd7 18. gxf5 gxf5 19. Bd2 Ng6 20. h4 O-O-O 21. h5
Ne7 22. O-O-O Qe6 23. Qh3 Kb8 24. Rhg1 Rhg8 25. h6 Qf6 26. Ne2 f4 27. Rxg8 Rxg8
28. Rg1 Rxg1+ 29. Nxg1 Nf5 30. Qh5 Nxh6 31. Nf3 fxe3 32. Bxe3 Nf7 33. Ne5 Nxe5
34. dxe5 Bxe5 35. Qe8+ Kc7 36. Bxa7 Bf4+ 37. Be3 d4 38. Bxf4+ Qxf4+ 39. Kd1
Qg4+ 40. Ke1 Qd7 41. Qe5+ Qd6 42. Qg7+ Kb6 43. Qxh7 Qb4+ 44. Kd1 Qxb2 45. Qf7
Ka7 46. f4 d3 0-1

[Event "Frankfurt Ch 2010"]
[Site "Ffm-Kalbach, LAZ"]
[Date "2010.06.07"]
[Round "6.10"]
[White "Schramm, Christian"]
[Black "Syed, Tareq"]
[Result "1-0"]
[WhiteElo "2322"]
[BlackElo "2112"]
[PlyCount "61"]
[EventDate "2010.??.??"]
[SourceDate "2009.03.13"]
[WhiteTeam "SC 1959 Obernau"]
[BlackTeam "SC Brett vor'm Kopp Ffm"]

1. e4 g6 2. h4 h6 3. d4 d6 4. Be3 Bg7 5. Qd2 Nd7 6. Nc3 a6 7. Nge2 e6 8. Ng3
Bf6 9. h5 g5 10. O-O-O b5 11. e5 Be7 12. f4 gxf4 13. Bxf4 d5 14. Bd3 Bb4 15. a3
Bf8 16. Nxd5 c6 17. Ne3 Nb6 18. Ne4 a5 19. Kb1 Bd7 20. Rhf1 Qb8 21. Qf2 Kd8 22.
Bg3 Be8 23. Nd6 Bxd6 24. exd6 Qb7 25. Be5 b4 26. a4 Nxa4 27. Bxh8 Nc3+ 28. Kc1
a4 29. d5 cxd5 30. bxc3 bxc3 31. Bxc3 1-0

[Event "Frankfurt Ch 2010"]
[Site "Ffm-Kalbach, LAZ"]
[Date "2010.06.07"]
[Round "6.11"]
[White "Bösch, Dirk"]
[Black "Guth, Thomas"]
[Result "1-0"]
[WhiteElo "2059"]
[BlackElo "2282"]
[PlyCount "117"]
[EventDate "2010.??.??"]
[SourceDate "2009.03.13"]
[WhiteTeam "SC Brett vor'm Kopp Ffm"]
[BlackTeam "SC Rotation Pankow"]

1. Nf3 c5 2. c4 g6 3. Nc3 Bg7 4. g3 Nc6 5. Bg2 e6 6. O-O Nge7 7. e4 O-O 8. d3
a6 9. Bg5 Rb8 10. Qd2 b5 11. Bh6 b4 12. Bxg7 Kxg7 13. Ne2 e5 14. Nh4 d6 15. f4
Nd4 16. f5 f6 17. fxg6 hxg6 18. Rf2 Nec6 19. Bf3 Nxf3+ 20. Nxf3 Bg4 21. Ne1 Qd7
22. Ng2 Rh8 23. Ne3 Be6 24. Raf1 Rbf8 25. Kh1 Ne7 26. Ng1 Qb7 27. Nf3 Bh3 28.
Re1 Bd7 29. Kg1 Bc6 30. Ref1 Qd7 31. Rg2 Rh5 32. g4 Rh3 33. Qf2 Ng8 34. Rg3
Rxg3+ 35. Qxg3 Kf7 36. Nh4 g5 37. Nhf5 Ke6 38. Qh3 Qf7 39. Kg2 Qg6 40. Ng3 Rf7
41. Nh5 Kd7 42. Qf3 Kc7 43. Nd5+ Bxd5 44. cxd5 Kb7 45. Qd1 c4 46. Qa4 cxd3 47.
Qxb4+ Ka7 48. Ng3 Rd7 49. Rc1 Ne7 50. Qd2 Qe8 51. Qxd3 Qb8 52. Rc2 Ng6 53. Nh5
Qb6 54. b3 Rh7 55. Rc6 Rxh5 56. Qc2 Nf4+ 57. Kh1 Qb7 58. Rc7 Rxh2+ 59. Kxh2 1-0

[Event "Frankfurt Ch 2010"]
[Site "Ffm-Kalbach, LAZ"]
[Date "2010.06.07"]
[Round "6.12"]
[White "Noblé, Alexander"]
[Black "Brüggemann, Ludger"]
[Result "1/2-1/2"]
[WhiteElo "2045"]
[BlackElo "2188"]
[PlyCount "45"]
[EventDate "2010.??.??"]
[SourceDate "2009.03.13"]
[WhiteTeam "SC Bad Nauheim"]
[BlackTeam "SF Olfen 1975"]

1. e4 c5 2. d4 cxd4 3. c3 d3 4. c4 Nc6 5. Bxd3 d6 6. Nc3 Nf6 7. f4 e6 8. Nf3
Be7 9. O-O O-O 10. Qe2 e5 11. f5 Nd4 12. Nxd4 exd4 13. Nb5 Qb6 14. Qf2 Re8 15.
h3 a6 16. Qxd4 Qxd4+ 17. Nxd4 d5 18. cxd5 Bc5 19. Be3 Nxd5 20. Bf2 Nf4 21. Rad1
Nxd3 22. Rxd3 Rxe4 23. Nc2 1/2-1/2

[Event "Frankfurt Ch 2010"]
[Site "Ffm-Kalbach, LAZ"]
[Date "2010.06.07"]
[Round "6.13"]
[White "Kulenovic, Adnan"]
[Black "Kaliski, Erwin"]
[Result "1/2-1/2"]
[WhiteElo "1799"]
[BlackElo "2266"]
[PlyCount "96"]
[EventDate "2010.??.??"]
[SourceDate "2009.03.13"]
[WhiteTeam "SK Springer Rodenbach"]
[BlackTeam "SC Bad Nauheim"]

1. d4 d6 2. e4 Nf6 3. Nc3 e5 4. dxe5 dxe5 5. Qxd8+ Kxd8 6. Nf3 Bd6 7. Bg5 Be6
8. O-O-O Ke7 9. h3 Rd8 10. Be2 Nc6 11. Nd5+ Bxd5 12. exd5 Nb8 13. Rhe1 h6 14.
Be3 Nbd7 15. g4 Kf8 16. Rg1 e4 17. Nh4 Bc5 18. Nf5 Bxe3+ 19. fxe3 Ne5 20. c4 b5
21. cxb5 Nxd5 22. Rd4 Nf6 23. Rgd1 Rxd4 24. Rxd4 c6 25. bxc6 Nxc6 26. Rd6 Rc8
27. Ba6 Rc7 28. Kb1 Ne8 29. Rd2 Ne7 30. Ng3 f5 31. gxf5 Rc5 32. Bb7 Nxf5 33.
Nxf5 Rxf5 34. Bxe4 Re5 35. Bg6 Rxe3 36. Rd8 Re6 37. Rxe8+ Rxe8 38. Bxe8 Kxe8
39. Kc2 Ke7 40. Kd3 Ke6 41. Ke4 g6 42. b4 g5 43. a4 h5 44. b5 Kd6 45. a5 Kc5
46. b6 axb6 47. axb6 Kxb6 48. Kf5 g4 1/2-1/2

[Event "Frankfurt Ch 2010"]
[Site "Ffm-Kalbach, LAZ"]
[Date "2010.06.07"]
[Round "6.14"]
[White "Engel, Berthold"]
[Black "Henzelmann, Klaus"]
[Result "1-0"]
[WhiteElo "2226"]
[BlackElo "2101"]
[PlyCount "71"]
[EventDate "2010.??.??"]
[SourceDate "2009.03.13"]
[WhiteTeam "SC Brett vor'm Kopp Ffm"]
[BlackTeam "SK 1858 Gießen"]

1. c4 Nf6 2. Nc3 e6 3. Nf3 b6 4. g3 Bb7 5. Bg2 c5 6. O-O Be7 7. b3 d6 8. Bb2
O-O 9. d4 Nbd7 10. Re1 a6 11. e4 cxd4 12. Qxd4 Qc7 13. Rad1 Rac8 14. Qe3 Rfd8
15. Nd4 Bf8 16. Bh3 Nc5 17. f3 Re8 18. Kh1 Rb8 19. Bg2 Bc8 20. g4 Bd7 21. Nde2
Rec8 22. Ng3 Bc6 23. Nce2 Nfd7 24. Nd4 Ba8 25. Ba1 b5 26. cxb5 axb5 27. b4 Na4
28. Rc1 Qb7 29. Bf1 e5 30. Nxb5 d5 31. Qa7 Qxa7 32. Nxa7 Rxc1 33. Rxc1 Bxb4 34.
Bb5 Ndb6 35. Bxe5 Re8 36. Bxe8 1-0

[Event "Frankfurt Ch 2010"]
[Site "Ffm-Kalbach, LAZ"]
[Date "2010.06.07"]
[Round "6.15"]
[White "Ganjian, Mehrdad"]
[Black "Schwenkreis, Thomas"]
[Result "0-1"]
[WhiteElo "1890"]
[BlackElo "2092"]
[PlyCount "72"]
[EventDate "2010.??.??"]
[SourceDate "2009.03.13"]
[WhiteTeam "Sfr. Frankfurt 1921"]
[BlackTeam "SC Brett vor'm Kopp Ffm"]

1. d4 Nf6 2. Nf3 d6 3. Bf4 Nbd7 4. e3 g6 5. c3 Bg7 6. Bc4 O-O 7. h3 a6 8. Nbd2
b5 9. Be2 c5 10. O-O Bb7 11. Rc1 Qb6 12. Re1 Rfd8 13. Bf1 e5 14. Bg5 Re8 15.
Qb3 Nh5 16. g4 Nhf6 17. Bh4 h6 18. Bg3 Re7 19. Bg2 Rae8 20. dxe5 dxe5 21. Nf1
e4 22. Nh4 c4 23. Qc2 Nc5 24. Re2 Nd3 25. Rb1 h5 26. Nh2 Bc8 27. g5 Nh7 28. Bf4
Qc5 29. b4 Qd5 30. f3 Nxg5 31. fxe4 Nxe4 32. N2f3 Nxc3 33. Nd4 Nxe2+ 34. Nxe2
Qd8 35. Nf3 Qb6 36. Rf1 Nxf4 0-1

[Event "Frankfurt Ch 2010"]
[Site "Ffm-Kalbach, LAZ"]
[Date "2010.06.07"]
[Round "6.16"]
[White "Holzschuh, Gerald"]
[Black "Faqiry, Ramat"]
[Result "0-1"]
[WhiteElo "2139"]
[BlackElo "1977"]
[PlyCount "72"]
[EventDate "2010.??.??"]
[SourceDate "2009.03.13"]
[WhiteTeam "SC Bad Nauheim"]
[BlackTeam "SK Bad Homburg 1927"]

1. Nf3 Nf6 2. g3 b6 3. Bg2 Bb7 4. O-O g6 5. d4 Bg7 6. c4 c6 7. Nc3 d5 8. Ne5
O-O 9. e4 dxc4 10. Re1 b5 11. a4 a6 12. Be3 e6 13. b3 cxb3 14. Qxb3 Nbd7 15.
Red1 Qe7 16. Bg5 h6 17. Nxd7 Qxd7 18. Bc1 Rfd8 19. h4 Ne8 20. Be3 Nc7 21. Rab1
Kh7 22. e5 Nd5 23. Ne4 Bf8 24. Bd2 Kg7 25. Qb2 Rab8 26. Qc1 Kh7 27. Ba5 Rdc8
28. Qc2 Kg7 29. Qd2 c5 30. Qb2 bxa4 31. dxc5 Bxc5 32. Nf6 Qe7 33. Rxd5 Bxd5 34.
Qxb8 Bxf2+ 35. Kxf2 Rxb8 36. Nxd5 Qc5+ 0-1

[Event "Frankfurt Ch 2010"]
[Site "Ffm-Kalbach, LAZ"]
[Date "2010.06.07"]
[Round "6.17"]
[White "Benninger, Rudolf"]
[Black "Neumann, Manfred"]
[Result "1-0"]
[WhiteElo "2140"]
[BlackElo "1761"]
[PlyCount "120"]
[EventDate "2010.??.??"]
[SourceDate "2009.03.13"]
[WhiteTeam "SC Heusenstamm"]
[BlackTeam "SC 1961 König Nied"]

1. e4 c5 2. c3 d5 3. exd5 Qxd5 4. d4 Nc6 5. Nf3 Bg4 6. dxc5 Qxd1+ 7. Kxd1 e5 8.
b4 a5 9. Bb5 e4 10. h3 Bd7 11. Bxc6 Bxc6 12. Nd4 Ba4+ 13. Ke2 Ne7 14. a3 Nc6
15. Be3 Be7 16. Nd2 Nxd4+ 17. Bxd4 f5 18. g4 O-O 19. Rhg1 Bf6 20. Bxf6 Rxf6 21.
gxf5 Bc6 22. Rg4 axb4 23. cxb4 Rxf5 24. Rag1 Bb5+ 25. Ke1 Rxa3 26. Nxe4 Ra1+
27. Kd2 Rd5+ 28. Kc2 Rxg1 29. Nf6+ Kf7 30. Nxd5 Rxg4 31. hxg4 Bc6 32. Ne3 g5
33. Kc3 Bb5 34. Kd4 Ke6 35. Nc4 Bc6 36. Ne5 Bb5 37. Ke4 Be8 38. Kd4 Bb5 39. Nc4
Bc6 40. Nd2 Bb5 41. Ne4 h6 42. Nd2 Ba6 43. Nc4 Bb5 44. f3 Bc6 45. Ne5 Be8 46.
Nc4 Bc6 47. Nd2 Bb5 48. Ke4 Bc6+ 49. Kd4 Bb5 50. Nc4 Bc6 51. Nd2 Bb5 52. Ne4
Be2 53. Ke3 Bb5 54. Nd6 Bc6 55. b5 Bd5 56. Ne4 Ke5 57. Nc3 Bc4 58. b6 Bd5 59.
Nb5 Bc6 60. Nd4 Be8 1-0

[Event "Frankfurt Ch 2010"]
[Site "Ffm-Kalbach, LAZ"]
[Date "2010.06.07"]
[Round "6.18"]
[White "Machowitsch, Wolf"]
[Black "Czech, Ludwig"]
[Result "1-0"]
[WhiteElo "1987"]
[BlackElo "2160"]
[PlyCount "81"]
[EventDate "2010.??.??"]
[SourceDate "2009.03.13"]
[WhiteTeam "SV 1934 Ffm-Griesheim"]
[BlackTeam "VSG 1880 Offenbach"]

1. d4 f5 2. c4 Nf6 3. Nc3 d6 4. Nf3 g6 5. g3 Bg7 6. Bg2 O-O 7. O-O c6 8. Qc2
Na6 9. Rb1 Ne4 10. Rd1 Nxc3 11. Qxc3 Nc5 12. Nd2 Ne6 13. e3 Qc7 14. b4 Nd8 15.
c5 d5 16. f4 b5 17. cxb6 Qxb6 18. a4 e6 19. Bf1 Ba6 20. b5 cxb5 21. Ba3 Re8 22.
Bc5 b4 23. Rxb4 Qc6 24. Bb5 Bxb5 25. axb5 Qc7 26. Ra1 Nb7 27. Nb3 Bf8 28. Ra6
Nd6 29. Qa1 Qd8 30. Rxa7 Rb8 31. Qa6 Nc8 32. Ra8 Nd6 33. Rxb8 Qxb8 34. Na5 Nc8
35. Qc6 Kf7 36. b6 Ne7 37. Qd7 Rd8 38. Qa7 Ke8 39. b7 h6 40. Qxb8 Rxb8 41. Ba7
1-0

[Event "Frankfurt Ch 2010"]
[Site "Ffm-Kalbach, LAZ"]
[Date "2010.06.07"]
[Round "6.19"]
[White "Machlin, Maxim"]
[Black "Stadtmueller, Harald"]
[Result "1/2-1/2"]
[WhiteElo "1933"]
[BlackElo "2163"]
[PlyCount "94"]
[EventDate "2010.??.??"]
[SourceDate "2009.03.13"]
[WhiteTeam "SK 1858 Gießen"]
[BlackTeam "VSG 1880 Offenbach"]

1. e4 g6 2. d4 Bg7 3. c4 d6 4. Nc3 e5 5. dxe5 dxe5 6. Qxd8+ Kxd8 7. Bg5+ f6 8.
O-O-O+ Nd7 9. Be3 Nh6 10. f3 c6 11. Na4 Kc7 12. Ne2 Nb6 13. Nec3 Re8 14. b4 Nf7
15. Nxb6 axb6 16. b5 Bh6 17. Bxh6 Nxh6 18. h4 Be6 19. Kb2 Red8 20. Bd3 Rd4 21.
Ne2 Rxd3 22. Rxd3 Bxc4 23. Rd2 Rxa2+ 24. Kc3 Rxd2 25. Kxd2 Bxb5 26. g4 Bxe2 27.
Kxe2 Nf7 28. Ke3 b5 29. f4 c5 30. f5 g5 31. hxg5 Nxg5 32. Rh6 b4 33. Rxf6 b3
34. Rh6 c4 35. Kd2 Nxe4+ 36. Kc1 c3 37. Rxh7+ Kc6 38. Rh3 Kd5 39. f6 b2+ 40.
Kc2 Ke6 41. f7 Kxf7 42. Rh7+ Kf6 43. Rxb7 Kg5 44. Rb5 Kf4 45. Rb4 Ke3 46. g5
Nxg5 47. Kxc3 Ne4+ 1/2-1/2

[Event "Frankfurt Ch 2010"]
[Site "Ffm-Kalbach, LAZ"]
[Date "2010.06.07"]
[Round "6.20"]
[White "Graebner, Walter"]
[Black "Biegel, Thomas"]
[Result "1/2-1/2"]
[WhiteElo "2053"]
[BlackElo "2021"]
[PlyCount "55"]
[EventDate "2010.??.??"]
[SourceDate "2009.03.13"]
[WhiteTeam "SC 1961 König Nied"]
[BlackTeam "SC Eschborn 1974"]

1. d4 d5 2. c4 c6 3. Nf3 Nf6 4. Nc3 dxc4 5. a4 Bf5 6. Ne5 Nbd7 7. Nxc4 Qc7 8.
g3 e5 9. dxe5 Nxe5 10. Bf4 Nfd7 11. Nxe5 Nxe5 12. Qd4 f6 13. Bg2 Be7 14. Bxe5
Qxe5 15. Qxe5 fxe5 16. O-O O-O 17. Be4 Bh3 18. Rfd1 Bc5 19. e3 Bg4 20. Rdc1
Rad8 21. Rc2 Be6 22. a5 Bb3 23. Re2 Bc4 24. Rc2 Bb3 25. Re2 Bb4 26. Bg2 Bc4 27.
Rc2 Bb3 28. Re2 1/2-1/2

[Event "Frankfurt Ch 2010"]
[Site "Ffm-Kalbach, LAZ"]
[Date "2010.06.07"]
[Round "6.21"]
[White "Richter, Tobias"]
[Black "Kripfganz, Sebastian"]
[Result "1-0"]
[WhiteElo "2099"]
[BlackElo "2002"]
[PlyCount "37"]
[EventDate "2010.??.??"]
[SourceDate "2009.03.13"]
[WhiteTeam "SV Merseburg"]
[BlackTeam "SG Turm Leipzig"]

1. e4 c5 2. Nf3 Nc6 3. Nc3 d6 4. Bc4 Bg4 5. Bxf7+ Kd7 6. h3 Bxf3 7. Qxf3 Nd4 8.
Qd1 e6 9. Bh5 Qg5 10. Bf3 Be7 11. d3 Qg6 12. Be3 Nxf3+ 13. Qxf3 Rf8 14. Qg4 Qf7
15. e5 a6 16. exd6 Bxd6 17. Qa4+ Kc8 18. Ne4 Qc7 19. Qc4 1-0

[Event "Frankfurt Ch 2010"]
[Site "Ffm-Kalbach, LAZ"]
[Date "2010.06.07"]
[Round "6.22"]
[White "Braunberger, Gerald"]
[Black "Kolker, Vladislav"]
[Result "1-0"]
[WhiteElo "1902"]
[BlackElo "2111"]
[PlyCount "59"]
[EventDate "2010.??.??"]
[SourceDate "2009.03.13"]
[WhiteTeam "Chess Tigers SFV"]
[BlackTeam "Sfr.1891 Friedberg"]

1. c4 Nf6 2. g3 g6 3. Nc3 Bg7 4. Bg2 O-O 5. d3 d6 6. e4 c6 7. Nge2 e5 8. h3 a6
9. O-O b5 10. Be3 Be6 11. b3 b4 12. Na4 Nfd7 13. Rc1 f5 14. f4 Nf6 15. c5 fxe4
16. dxe4 d5 17. fxe5 Nxe4 18. Rxf8+ Qxf8 19. Nf4 Bc8 20. Bxe4 dxe4 21. Qd6 Qe8
22. Bd4 Bf8 23. Qc7 Qd7 24. Qxd7 Bxd7 25. e6 Be8 26. Be5 Bg7 27. Bd6 Bd4+ 28.
Kg2 g5 29. Ne2 Be3 30. Rf1 1-0

[Event "Frankfurt Ch 2010"]
[Site "Ffm-Kalbach, LAZ"]
[Date "2010.06.07"]
[Round "6.23"]
[White "Hitzer, Dieter"]
[Black "Göbel, Andreas"]
[Result "1/2-1/2"]
[WhiteElo "1799"]
[BlackElo "2040"]
[PlyCount "64"]
[EventDate "2010.??.??"]
[SourceDate "2009.03.13"]
[WhiteTeam "Bad Vilbeler Sfr.1985"]
[BlackTeam "SC Brett vor'm Kopp Ffm"]

1. Nf3 c5 2. c4 Nc6 3. Nc3 Nf6 4. g3 g6 5. d4 cxd4 6. Nxd4 Bg7 7. Bg2 O-O 8.
O-O Ng4 9. e3 d6 10. Nde2 Be6 11. b3 Qa5 12. Bd2 Nge5 13. Nd5 Qd8 14. Bc3 Qd7
15. Nef4 Bxd5 16. cxd5 Nd8 17. Rc1 Rc8 18. Qd2 b6 19. Ne2 f6 20. Nd4 Nb7 21. f4
Nf7 22. Ne6 Rfe8 23. Bh3 Nc5 24. Nxg7 Qxh3 25. Nxe8 Rxe8 26. Qg2 Qd7 27. e4 e5
28. dxe6 Qxe6 29. e5 dxe5 30. fxe5 Nxe5 31. Bxe5 Qxe5 32. Rcd1 Re7 1/2-1/2

[Event "Frankfurt Ch 2010"]
[Site "Ffm-Kalbach, LAZ"]
[Date "2010.06.07"]
[Round "6.24"]
[White "Zimmer, Gerald"]
[Black "Wagner, Dirk"]
[Result "1-0"]
[WhiteElo "1779"]
[BlackElo "1935"]
[PlyCount "69"]
[EventDate "2010.??.??"]
[SourceDate "2009.03.13"]
[WhiteTeam "SC Bergen-Enkheim 1922"]
[BlackTeam "Sfr. Frankfurt 1921"]

1. Nf3 Nf6 2. d4 g6 3. c4 Bg7 4. Nc3 O-O 5. e4 d6 6. h3 Na6 7. Be3 Qe8 8. Be2
e5 9. dxe5 dxe5 10. b4 Qe7 11. a3 c6 12. O-O b6 13. Qa4 Bb7 14. Rfd1 Nc7 15. c5
Nd7 16. Rd6 bxc5 17. bxc5 Rfb8 18. Rb1 Nf8 19. Bg5 Qe8 20. Bc4 Nce6 21. Be3 h6
22. Na2 a5 23. Nc1 Nd4 24. Nxd4 exd4 25. Bf4 Qxe4 26. Nd3 Ne6 27. f3 Qf5 28. g4
Qf6 29. Bxe6 fxe6 30. Rd7 Bc8 31. Rxb8 Rxb8 32. Rxg7+ Kf8 33. Bxb8 Qxf3 34.
Qxd4 Qd1+ 35. Kg2 1-0

[Event "Frankfurt Ch 2010"]
[Site "Ffm-Kalbach, LAZ"]
[Date "2010.06.07"]
[Round "6.25"]
[White "Haftmann, Rainer"]
[Black "Ellrich, Jochen"]
[Result "1/2-1/2"]
[WhiteElo "1881"]
[BlackElo "2080"]
[PlyCount "40"]
[EventDate "2010.??.??"]
[SourceDate "2009.03.13"]
[WhiteTeam "SG 1945 Dietzenbach"]
[BlackTeam "SK Bad Homburg 1927"]

1. e4 e6 2. d4 d5 3. Nd2 Nc6 4. Ngf3 Nf6 5. e5 Nd7 6. c3 f6 7. Bb5 a6 8. Bxc6
bxc6 9. O-O f5 10. Nb3 Nb6 11. Bg5 Qd7 12. Nc5 Qf7 13. b4 h6 14. Bc1 g5 15. a4
Be7 16. a5 Nc4 17. Nd2 Nxd2 18. Bxd2 h5 19. Qe2 h4 20. f3 Qg6 1/2-1/2